000 nam a22 7a 4500
999 _c27684
_d27684
008 170209b xxu||||| |||| 00| 0 eng d
050 _aHF 5686 .C8M38 1967
100 _aMatz, Adolph.
_d1967
245 _aCost accounting/
_cAdolph Matz, Othel J. Curry, George W. Frank.
250 _a4th ed.
260 _aChicago:
_bSouth-western publishing company,
_c1967.
300 _ax, 963p.:
_bill.;
_c24cm.
521 _aIncludes index.
650 _aCost accounting.
700 _aCurry, Othel J.
700 _aFrank, George W.
942 _2lcc
_cBOOKS
_hHF 5686 .C8M38 1967